00468 2200181 4500001002100000005001500021008004100036020001800077035001900095041000700114082000800121090001400129100002000143245002900163260004200192300003000234650002200264INLIS00000000000306820241224112644241224||||||||| | ||| |||| || |  a979-686-874-1 0010-1224003068 aid0 a813 a813 BLA s0 aTerence Blacker00aSemua Terkendali, Ms Wiz aJakartabGramedia Pustaka Utamac2002 a125 hlm. : ilus, ; 20 cm. 0aIlmu Kesusastraan